La paz y el ideal cosmopolita de la ilustración (Record no. 13391)

MARC details
000 -LEADER
campo de control de longitud fija 00929nam a2200277 i 4500
001 - NÚMERO DE CONTROL
campo de control 13391
003 - IDENTIFICADOR DE NÚMERO DE CONTROL
campo de control ES-MaACL
005 - FECHA Y HORA DE LA ÚLTIMA TRANSACCIÓN
campo de control 20240227155500.0
007 - CAMPO FIJO DE DESCRIPCIÓN FÍSICA--INFORMACIÓN GENERAL
campo de control de longitud fija t|
008 - DATOS DE LONGITUD FIJA--INFORMACIÓN GENERAL
campo de control de longitud fija 970716s1996 sp ||||0| spa j
020 ## - NÚMERO INTERNACIONAL ESTÁNDAR DEL LIBRO
Número Internacional Estándar del Libro 84-309-2889-8
040 ## - FUENTE DE CATALOGACIÓN
Centro catalogador/agencia de origen M-BN
Lengua de catalogación spa
Centro/agencia transcriptor M-BN
080 ## - NÚMERO DE LA CLASIFICACIÓN DECIMAL UNIVERSAL
Número de la Clasificación Decimal Universal 1 Kant, Immanuel
080 ## - NÚMERO DE LA CLASIFICACIÓN DECIMAL UNIVERSAL
Número de la Clasificación Decimal Universal 172.4
245 03 - MENCIÓN DEL TÍTULO
Título La paz y el ideal cosmopolita de la ilustración
Resto del título : a propósito del bicentenario de "Hacia la paz perpetua" de Kant /
Mención de responsabilidad, etc. Roberto R. Aramayo, Javier Muguerza, Concha Roldán (editores).
260 ## - PUBLICACIÓN, DISTRIBUCIÓN, ETC.
Lugar de publicación, distribución, etc. Madrid :
Nombre del editor, distribuidor, etc. Tecnos,
Fecha de publicación, distribución, etc. [1996]
300 ## - DESCRIPCIÓN FÍSICA
Extensión 374 p. ;
Dimensiones 22 cm.
490 1# - MENCIÓN DE SERIE
Mención de serie Colección Ventana abierta
650 14 - PUNTO DE ACCESO ADICIONAL DE MATERIA--TÉRMINO DE MATERIA
Término de materia o nombre geográfico como elemento de entrada Paz.
9 (RLIN) 15898
700 1# - ENTRADA AGREGADA--NOMBRE PERSONAL
Nombre de persona Rodríguez Aramayo, Roberto.
9 (RLIN) 98340
700 1# - ENTRADA AGREGADA--NOMBRE PERSONAL
Nombre de persona Muguerza, Javier.
9 (RLIN) 84074
700 1# - ENTRADA AGREGADA--NOMBRE PERSONAL
Nombre de persona Roldán Panadero, Concha.
9 (RLIN) 99150
830 0# - PUNTO DE ACCESO ADICIONAL DE SERIE-TÍTULO UNIFORME
Título uniforme Ventana abierta
9 (RLIN) 179022
852 ## - LOCALIZACIÓN
Ubicación ES-MaACL
Número de control de estantería L-20729
Sublocalización o colección R.125819
Holdings
Estatus retirado Estado de pérdida Estado de daño No para préstamo Biblioteca de origen Biblioteca actual Ubicación en estantería Fecha de adquisición Fuente de adquisición Total de préstamos Signatura topográfica completa Código de barras Visto por última vez Precio de reemplazo Tipo de ítem Koha
        Biblioteca del Ateneo de Madrid Biblioteca del Ateneo de Madrid Depósito 2 17/01/2008     L-20729 1013634 23/02/2023 23/02/2023 Libro impreso